Podnikový systém riadenia výkonnosti: 12 aplikačných princípov
Know-how k podnikovému systému riadenia výkonnosti na pracovných miestach.
Enregistré dans:
| Auteur principal: | |
|---|---|
| Format: | Chapitre de livre |
| Langue: | slovaque |
| Sujets: | |
| Tags: |
Pas de tags, Soyez le premier à ajouter un tag!
|
MARC
| LEADER | 00000naa a2200000 4500 | ||
|---|---|---|---|
| 001 | 0181172 | ||
| 005 | 20231116122033.8 | ||
| 041 | 0 | |a slo | |
| 044 | |a SK | ||
| 245 | 1 | 0 | |a Podnikový systém riadenia výkonnosti: 12 aplikačných princípov |c Ivan Burger |
| 520 | |a Know-how k podnikovému systému riadenia výkonnosti na pracovných miestach. | ||
| 610 | 2 | 0 | |a riadenie podnikové |
| 610 | 2 | 0 | |a know-how |
| 610 | 2 | 0 | |a miesta pracovné |
| 610 | 2 | 0 | |a riadenie výkonov |
| 100 | 1 | |a Burger, Ivan | |